HUMAN RIGHTS FOR SOUTH AFRICANS (Record no. 220183)

MARC details
000 -LEADER
fixed length control field 00281nam a2200097Ia 4500
082 ## - DEWEY DECIMAL CLASSIFICATION NUMBER
Classification number 342.68085 HUM
008 - FIXED-LENGTH DATA ELEMENTS--GENERAL INFORMATION
fixed length control field 210817s9999 xx 000 0 und d
100 ## - MAIN ENTRY--PERSONAL NAME
Personal name SWILLING, Mark Claremont, South Africa, 2012
9 (RLIN) 58380
245 #0 - TITLE STATEMENT
Title HUMAN RIGHTS FOR SOUTH AFRICANS
942 ## - ADDED ENTRY ELEMENTS
item type Books
Holdings
Withdrawn status Lost status Damaged status Not for loan Home library Current library Date acquired Cost, normal purchase price Total Checkouts Barcode Date last seen Price effective from item type
        Jeremiah Madonsela Public Library Jeremiah Madonsela Public Library 18.08.2021 36.83   33228018124311 18.08.2021 18.08.2021 Books